000 00701nam a22002297a 4500
003 BD-DhJNU
005 20250309052414.0
008 250309b |||||||| |||| 00| 0 eng d
020 _a9780073526218
040 _aBD-DhJNU
_bENG
_cBD-DhJNU
_dBD-DhJNU
082 _223
_a302.2 BAI
100 _aBaran, Stanley J
245 _aIntroduction to mass communication :
_bmedia literacy and culture /
_cStanley J. Baran
250 _a8th ed.
260 _aBoston :
_bMcGraw-Hill,
_c2014.
300 _avarious :
_bill. ;
_c26 cm.
504 _aIncludes bibliographical references and index
650 _aMass media and culture
650 _aMedia literacy
650 _aMass media
942 _2ddc
_cBK
_n0
999 _c1464
_d1464